Identifikácia proticyklických nástrojov pre banky, prijatých regulačnými orgánmi diplomová práca

Saved in:
Bibliographic Details
Main Author: Chovancová, Michaela
Corporate Author: Národohospodárska fakulta EU. Katedra bankovníctva a medzinárodných financií
Other Authors: Makúch, Jozef, 1953-
Format: Book
Language:Slovak
Published: Bratislava 2022
Tags: Add Tag
No Tags, Be the first to tag this record!

MARC

LEADER 00000nbm a2200000 4500
001 0284106
005 20221007144010.3
041 0 |a slo 
044 |a SK 
245 1 0 |a Identifikácia proticyklických nástrojov pre banky, prijatých regulačnými orgánmi  |b diplomová práca  |c Michaela Chovancová ; školiteľ: Jozef Makúch 
264 1 |a Bratislava  |c 2022 
300 |a 62 s. 
100 1 |a Chovancová, Michaela 
700 1 |a Makúch, Jozef, 1953- 
710 2 |a Národohospodárska fakulta EU. Katedra bankovníctva a medzinárodných financií